000 00601nam a2200205 a 4500
001 BRCA_5906
005 20190320205246.0
008 180311s1868----gw-#######---#000-0#ger-#
041 _ager
044 _agw
050 4 _aPT2553
_b.W3 D3
_c1868
100 1 _aWeber, Karl Julius.
_d1767-1832
_914937
245 1 0 _aDer Humor
_bAus Demokritos, oder hinterlessene Papiere eines lachenden Philosophen.
260 _aLeipzig
_bP. Reclams
_c1868
300 _a111 p.
_c16 cm.
440 0 _aReclams universal Bibliothek
_n3567
_pWeber Demokrit
_vIV
_914938
500 _aH145
902 _aGFM
942 _2lcc
_cB
999 _c5595
_d5595